Twilight zone (Ariana Grande) - lyrics - Statistics

General Stats
  • This quiz has been taken 180 times
  • The average score is 244 of 282
Answer Stats
Answer % Correct
I
100%
a
98%
just
96%
you
96%
You
96%
do
95%
I'm
95%
not
95%
Not
95%
who
95%
be
94%
it's
93%
It's
93%
like
93%
me
93%
so
93%
the
93%
then
93%
call
92%
dont
92%
that
92%
believe
91%
cant
91%
Cant
91%
her
91%
in
91%
miss
91%
over
91%
happened
89%
thing?
89%
thing
89%
Cause
88%
zone
88%
never
87%
Sometimes
87%
still
87%
twilight
87%
and
86%
And
86%
are?
86%
dream
86%
know
86%
nightmare?
86%
to
86%
Was
86%
was
86%
Did
85%
might
85%
strange
85%
this
85%
This
85%
wont
85%
give
84%
here
84%
right
84%
she
84%
Where
84%
You're
84%
meant
82%
say
82%
whole
82%
change
81%
Different
81%
Does
81%
at
80%
Is
80%
Stuck
80%
all?
79%
Or
78%
dimensions
76%
I'd
76%
one
73%
black
72%
white
72%
Hope
69%
wrong
69%
for
68%
win
68%
best
67%
If
67%
scene?
67%
had
66%
actor
65%
completely
64%
gray
62%
last
61%
ever
59%
anyone
56%
foolin'
56%
about
55%
Why
55%
we
54%
songs
52%
Pretend
51%
arent
48%
protect
46%
mistaken?
45%
these
45%
Were
41%
intentions?
39%
our
38%
Our
38%
Disguised
27%
masquerade
18%
nest
16%
No matching quizzes found
Score Distribution
Percent of People with Each Score
Percentile by Number Answered
Your Score History
You have not taken this quiz